00570nam a2200217Ia 4500008004100000020001800041040000600059041001200065082001000077082001100087100001600098245005600114245001600170260001000186260003500196260000900231300005500240300001000295501002800305650001900333141004s9999 xx 000 0 und d a0 87071 179 2 ca aEnglish a577.3 bWAR/FO aRH Waring aForests: Fresh perspectives from ecosystem analysis cRH Waring aDelhi bPeriodical experts book agency c1992 a198 p.  b24 cm aKAUCOF  aForest ecology